Calciatori plurivincitori degli Europei - Statistics

Statistiche generali
  • Questo quiz è stato fatto 31 volte
  • Il punteggio medio è 6 su 13
Statistiche sulle risposte
Nazione Edizioni vinte Totale edizioni Calciatore % Corretto
Spagna 2 2008; 2012 Andrés Iniesta
100%
Spagna 2 2008; 2012 Iker Casillas
96%
Spagna 2 2008; 2012 Xavi
92%
Spagna 2 2008; 2012 Sergio Ramos
88%
Spagna 2 2008; 2012 Fernando Torres
64%
Spagna 2 2008; 2012 Xabi Alonso
60%
Spagna 2 2008; 2012 Álvaro Arbeloa
36%
Spagna 2 2008; 2012 Cesc Fàbregas
36%
Spagna 2 2008; 2012 David Silva
32%
Spagna 2 2008; 2012 Pepe Reina
16%
Spagna 2 2008; 2012 Raúl Albiol
16%
Spagna 2 2008; 2012 Santiago Cazorla
4%
Germania 2 1972; 1980 Rainer Bonhof
0%
Nessun quiz corrispondente trovato
Distribuzione punteggi
Percentuale di utenti per punteggio
Percentile per numero di risposta
I tuoi punteggi nel tempo
Non hai fatto questo quiz